THE BOXCAR CHILDREN (Record no. 450)
[ view plain ]
| 000 -LEADER | |
|---|---|
| fixed length control field | 00571nam a22001457a 4500 |
| 020 ## - INTERNATIONAL STANDARD BOOK NUMBER | |
| ISBN | 0-8075-5141-4 |
| 082 ## - DEWEY DECIMAL CLASSIFICATION NUMBER | |
| Classification number | 823 |
| Item number | WAR/B |
| 100 ## - MAIN ENTRY--AUTHOR NAME | |
| Personal name | GERTRUDE CHANDLER WARNER |
| 245 ## - TITLE STATEMENT | |
| Title | THE BOXCAR CHILDREN |
| Remainder of title | MIKE'S MYSTERY |
| 260 ## - PUBLICATION, DISTRIBUTION, ETC. (IMPRINT) | |
| Name of publisher | ALBERT WHITEMAN AND COMPANY |
| 300 ## - PHYSICAL DESCRIPTION | |
| Number of Pages | 128 |
| 520 ## - SUMMARY, ETC. | |
| Summary, etc | Four brave siblings were searching for a home – and found a life of adventure! Join the Boxcar Children as they investigate the mystery of a suspicious house fire in this illustrated chapter book series beloved by generations of readers. |
| 650 ## - SUBJECT ADDED ENTRY--TOPICAL TERM | |
| Topical Term | MIKE'S MYSTERY |
| 942 ## - ADDED ENTRY ELEMENTS (KOHA) | |
| Koha item type | Books |
| Withdrawn status | Lost status | Collection code | Home library | Current library | Shelving location | Date acquired | Source of acquisition | Full call number | Accession Number | Koha item type |
|---|---|---|---|---|---|---|---|---|---|---|
| Fiction | Main Library | Main Library | On Display | 12/05/2009 | purchase | 823 WAR/B | 03677 | Books |